| 000 | 00410nam a2200193Ia 4500 | ||
|---|---|---|---|
| 003 | OSt | ||
| 005 | 20251105084056.0 | ||
| 008 | 250729s2005 xx 000 0 und d | ||
| 020 | _a 9789381448250 | ||
| 040 | _cAL | ||
| 041 | _aeng | ||
| 082 | _a530.2 HASU | ||
| 100 |
_aHashmi A H _9223870 |
||
| 245 | _aUniverse | ||
| 260 | _c2005 | ||
| 300 | _a32p | ||
| 650 |
_aPhysics _9223871 |
||
| 942 |
_2ddc _cBED |
||
| 999 |
_c236120 _d236120 |
||